Ottův slovník naučný : Ilustrovaná encyklopaedie obecných vědomostí. Díl 7: Dánsko-Dřevec

Guardado en:
Detalles Bibliográficos
Formato: Libro
Lenguaje:checo
Publicado: Praha : J.Otto, 1893
Materias:
Etiquetas: Agregar Etiqueta
Sin Etiquetas, Sea el primero en etiquetar este registro!

MARC

LEADER 00000nam a22000003a 4500
001 stu40251
005 20150408175415.2
008 930408s1893----cs------------------cze-d
040 |a STU  |b slo 
041 0 |a cze 
044 |a cs 
080 |a 030.1 
245 |a Ottův slovník naučný :  |b Ilustrovaná encyklopaedie obecných vědomostí. Díl 7: Dánsko-Dřevec 
260 |a Praha :  |b J.Otto,  |c 1893 
300 |a 957s 
650 7 |a encyklopédie všeobecné  |2 stusub 
996 |b 284M056860  |c M*936/7-1  |l MMST  |s P  |a 0  |w stu40251_0001